市区町村人口ワースト100 (2000年) - Statistics

General Stats
  • This quiz has been taken 107 times
  • The average score is 40 of 100
Answer Stats
順位 人口 都道府県 市区町村 現在 % Correct
2 203 東京都 青ケ島村 現存
97%
1 0 東京都 三宅村 現存
85%
5 302 東京都 利島村 現存
82%
6 308 東京都 御蔵島村 現存
79%
8 449 新潟県 粟島浦村 現存
79%
9 500 鹿児島県 三島村 現存
77%
27 756 鹿児島県 十島村 現存
77%
17 635 和歌山県 北山村 現存
74%
3 209 愛知県 富山村 合併消滅
70%
31 783 奈良県 野迫川村 現存
70%
13 569 高知県 大川村 現存
68%
25 741 長野県 売木村 現存
66%
45 915 奈良県 上北山村 現存
66%
74 1,292 奈良県 下北山村 現存
66%
19 671 沖縄県 北大東村 現存
63%
89 1,380 長野県 根羽村 現存
63%
96 1,445 沖縄県 南大東村 現存
63%
21 712 長野県 平谷村 現存
62%
22 718 島根県 知夫村 現存
62%
23 730 沖縄県 渡嘉敷村 現存
62%
66 1,205 長野県 王滝村 現存
62%
12 523 沖縄県 渡名喜村 現存
60%
40 866 山梨県 丹波山村 現存
60%
58 1,084 山梨県 小菅村 現存
60%
63 1,194 奈良県 黒滝村 現存
59%
28 757 福島県 檜枝岐村 現存
58%
52 1,017 岐阜県 川上村 合併消滅
58%
56 1,051 岡山県 新庄村 現存
58%
68 1,220 山口県 川上村 合併消滅
58%
64 1,195 高知県 馬路村 現存
56%
54 1,026 沖縄県 座間味村 現存
55%
49 960 沖縄県 粟国村 現存
53%
81 1,334 北海道 音威子府村 現存
53%
95 1,420 愛知県 豊根村 合併現存
53%
53 1,025 長野県 北相木村 現存
51%
99 1,480 宮崎県 西米良村 現存
49%
4 277 愛媛県 別子山村 合併消滅
44%
36 838 長野県 上村 合併消滅
44%
83 1,338 沖縄県 多良間村 現存
44%
34 812 奈良県 大塔村 合併消滅
42%
77 1,314 北海道 西興部村 現存
42%
80 1,325 北海道 神恵内村 現存
42%
62 1,186 石川県 白峰村 合併消滅
41%
7 334 愛媛県 魚島村 合併消滅
40%
10 502 岐阜県 藤橋村 合併消滅
40%
16 614 和歌山県 花園村 合併消滅
40%
92 1,408 岡山県 東粟倉村 合併消滅
40%
15 613 山梨県 芦安村 合併消滅
38%
26 752 福井県 和泉村 合併消滅
37%
93 1,416 富山県 平村 合併消滅
36%
44 909 福岡県 大島村 合併消滅
34%
50 997 富山県 上平村 合併消滅
34%
57 1,083 富山県 利賀村 合併消滅
34%
30 781 長野県 清内路村 合併消滅
33%
35 814 岐阜県 高根村 合併消滅
32%
14 590 山梨県 芦川村 合併消滅
30%
18 663 岐阜県 坂内村 合併消滅
30%
97 1,466 岐阜県 河合村 合併消滅
30%
84 1,345 岐阜県 荘川村 合併消滅
29%
87 1,374 埼玉県 神泉村 合併消滅
29%
32 793 長野県 浪合村 合併消滅
27%
43 900 長崎県 高島町 合併消滅
27%
67 1,219 福岡県 小石原村 合併消滅
27%
11 522 島根県 布施村 合併消滅
25%
20 681 岡山県 阿波村 合併消滅
25%
41 878 愛媛県 面河村 合併消滅
25%
46 941 群馬県 中里村 合併消滅
25%
47 948 岡山県 上齋原村 合併消滅
25%
69 1,236 静岡県 龍山村 合併消滅
25%
24 731 石川県 尾口村 合併消滅
23%
65 1,205 石川県 河内村 合併消滅
23%
76 1,308 大分県 上津江村 合併消滅
23%
82 1,338 大分県 中津江村 合併消滅
23%
86 1,372 山梨県 三富村 合併消滅
23%
29 759 高知県 本川村 合併消滅
22%
38 853 広島県 吉和村 合併消滅
22%
39 865 愛媛県 関前村 合併消滅
22%
48 957 徳島県 木沢村 合併消滅
22%
90 1,400 石川県 吉野谷村 合併消滅
22%
55 1,035 長崎県 伊王島町 合併消滅
21%
61 1,178 岐阜県 宮川村 合併消滅
21%
37 851 岡山県 富村 合併消滅
19%
72 1,282 長野県 美麻村 合併消滅
19%
73 1,291 広島県 筒賀村 合併消滅
19%
78 1,314 徳島県 木屋平村 合併消滅
19%
42 892 鹿児島県 鹿島村 合併消滅
18%
70 1,257 長野県 八坂村 合併消滅
18%
100 1,511 岐阜県 久瀬村 合併消滅
18%
33 801 岡山県 中和村 合併消滅
16%
51 1,007 岐阜県 串原村 合併消滅
16%
59 1,107 長野県 奈川村 合併消滅
16%
79 1,323 高知県 土佐山村 合併消滅
16%
85 1,348 愛媛県 柳谷村 合併消滅
16%
60 1,114 愛媛県 広田村 合併消滅
15%
88 1,375 山口県 本郷村 合併消滅
15%
94 1,417 徳島県 美郷村 合併消滅
15%
71 1,274 愛媛県 河辺村 合併消滅
14%
91 1,405 北海道 白滝村 合併消滅
14%
75 1,296 富山県 井口村 合併消滅
11%
98 1,471 熊本県 須恵村 合併消滅
8%
No matching quizzes found
Score Distribution
Percent of People with Each Score
Percentile by Number Answered
Your Score History
You have not taken this quiz